<?xml version="1.0" encoding="UTF-8"?>
<record
    xmlns:xsi="http://www.w3.org/2001/XMLSchema-instance"
    xsi:schemaLocation="http://www.loc.gov/MARC21/slim http://www.loc.gov/standards/marcxml/schema/MARC21slim.xsd"
    xmlns="http://www.loc.gov/MARC21/slim">

  <leader>00874nab a2200265 uc4500</leader>
  <controlfield tag="001">791379</controlfield>
  <controlfield tag="005">20240222092127.0</controlfield>
  <controlfield tag="008">021212e19440301                    spa  </controlfield>
  <datafield tag="035" ind1=" " ind2=" ">
    <subfield code="a">791379</subfield>
  </datafield>
  <datafield tag="035" ind1=" " ind2=" ">
    <subfield code="a">(OCoLC)820004367</subfield>
  </datafield>
  <datafield tag="040" ind1=" " ind2=" ">
    <subfield code="c">comduadb</subfield>
  </datafield>
  <datafield tag="041" ind1=" " ind2=" ">
    <subfield code="a">spa</subfield>
  </datafield>
  <datafield tag="100" ind1="1" ind2="0">
    <subfield code="a">Sikorsky, Igor</subfield>
    <subfield code="4">aut</subfield>
    <subfield code="e">aut</subfield>
    <subfield code="9">524094</subfield>
  </datafield>
  <datafield tag="245" ind1="1" ind2="3">
    <subfield code="a">El helicoptero, automovil del futuro</subfield>
  </datafield>
  <datafield tag="650" ind1=" " ind2=" ">
    <subfield code="a">Helic&#xF3;pteros</subfield>
    <subfield code="9">109726</subfield>
  </datafield>
  <datafield tag="650" ind1=" " ind2=" ">
    <subfield code="a">Transporte a&#xE9;reo</subfield>
    <subfield code="9">67118</subfield>
  </datafield>
  <datafield tag="650" ind1=" " ind2="7">
    <subfield code="a">Guerra</subfield>
    <subfield code="2">lemb</subfield>
    <subfield code="9">26922</subfield>
  </datafield>
  <datafield tag="650" ind1=" " ind2=" ">
    <subfield code="a">Verne, Julio 1828-1905</subfield>
    <subfield code="9">31344</subfield>
  </datafield>
  <datafield tag="650" ind1=" " ind2=" ">
    <subfield code="a">Aeron&#xE1;utica</subfield>
    <subfield code="9">2297</subfield>
  </datafield>
  <datafield tag="650" ind1=" " ind2=" ">
    <subfield code="a">Condiciones atmosf&#xE9;ricas</subfield>
    <subfield code="9">21611</subfield>
  </datafield>
  <datafield tag="650" ind1=" " ind2=" ">
    <subfield code="a">Medios de transporte</subfield>
    <subfield code="9">13163</subfield>
  </datafield>
  <datafield tag="650" ind1=" " ind2=" ">
    <subfield code="a">Aeronaves</subfield>
    <subfield code="9">39081</subfield>
  </datafield>
  <datafield tag="773" ind1="0" ind2=" ">
    <subfield code="t">Temas del Presente y Futuro Econ&#xF3;micos (Medell&#xED;n)</subfield>
    <subfield code="g">Temas (Medellin) Vol. 04, Nos. 33-38, Ene.-Jun. 1944, No. 35, Mar. 1944, p. 193-198</subfield>
    <subfield code="w">665324</subfield>
    <subfield code="0">200998</subfield>
  </datafield>
  <datafield tag="942" ind1=" " ind2=" ">
    <subfield code="c">ARIMP</subfield>
  </datafield>
  <datafield tag="999" ind1=" " ind2=" ">
    <subfield code="c">268371</subfield>
    <subfield code="d">268371</subfield>
  </datafield>
</record>
